000 00268pam a2200121 a 4500
020 _c
041 _aeng
100 _aJohnson.M.L.
245 _aA Dictionary Of Biology
_hTextual Documents
260 _aNew York
_bPenguin Books Ltd
300 _a246p.
930 _a15249
999 _c92149
_d92149